Propuestas /

Gorde:
Xehetasun bibliografikoak
Egile nagusia: Garzón Valdés, Ernesto (autor)
Formatua: Liburua
Hizkuntza:gaztelania
Argitaratua: Madrid, España : Trotta, 2011, c2011
Saila:(Estructuras y Procesos. Derecho)
Gaiak:
Etiketak: Etiketa erantsi
Etiketarik gabe, Izan zaitez lehena erregistro honi etiketa jartzen!

MARC

LEADER 00000nam^a2200000^a^4500
001 000319889
005 20250521000000.0
009 20260310113455.522
020 |a 978-84-9879-189-1 
037 |a Acervo ITESO - Biblioteca 
041 |a ESP 
082 |a 320. 01  |b GAR 
100 |a Garzón Valdés, Ernesto  |e (autor) 
245 1 0 |a Propuestas /  |c E. Garzón Valdés. 
264 4 |a Madrid, España :  |b Trotta,  |c 2011, c2011 
300 |a 365 p. 
336 |a texto  |b txt  |2 rdacontenido 
337 |a sin mediación  |b n  |2 rdamedio 
338 |a volumen  |b nc  |2 rdasoporte 
440 1 |a (Estructuras y Procesos.  |p Derecho) 
649 |a XX 
650 |a Ignorancia 
650 |a Dignidad 
650 |a Responsabilidad 
650 |a Genocidio 
650 |a Diferencia y Otredad 
650 |a Igualdad y Desigualdad 
650 |a Democracia 
650 |a Estado de Derecho 
650 |a Etica Política -  |x Tema Principal 
650 |a Filosofía Política 
650 |a Política -  |x Teoría 
910 |a Fondo General 
920 |a Impresos - Libros 
930 |a Colección General 
905 |a 101 
901 |a 0500207114  |b IT1  |c ACC  |i C130912  |u 20250521 
902 |a https://opac.biblio.iteso.mx/vufind/Record/000319889